Obras selectas

Gespeichert in:
Bibliographische Detailangaben
1. Verfasser: Rodo, José Enrique (VerfasserIn)
Format: Buch
Sprache:Spanisch
Veröffentlicht: Buenos Aires Ateneo 1956
Schlagworte:
Tags: Tag hinzufügen
Keine Tags, Fügen Sie den ersten Tag hinzu!

MARC

LEADER 00000nam a2200000 a 4500
001 UCY7445
003 CL-VaPUC
008 950614e19560000AG |||||||||||||||||spa|d
082 0 4 |a Ur864  |b ROD  |2 21 
100 0 |a Rodo, José Enrique  |e author  |9 313720 
245 1 0 |a Obras selectas 
300 |a 854 p 
942 |c BK 
945 |d 19950614 00:00:00  |a rbrito 
260 |a Buenos Aires  |b Ateneo  |c 1956 
650 0 |a Ensayos uruguayos  |9 322531 
583 |a last modification  |c 20150924 22:06:17  |k Rodrigo Vera 
999 |c 234836  |d 234834 
952 |0 0  |1 0  |4 0  |6 UR_864_000000000000000_ROD_1956  |7 0  |8 A  |9 241575  |a BIBEDU  |b BIBEDU  |d 2019-11-18  |i 1436120  |l 1  |m 2  |o Ur864 ROD 1956  |p 1436120  |r 2024-06-10  |s 2024-05-24  |w 2019-11-18  |y BK  |k LIT